All Granny 1, 2, and 3 Items - Statistics

General Stats
  • This quiz has been taken 78 times
  • The average score is 35 of 77
Answer Stats
Game Item % Correct
All Games Shotgun
87%
All Games Hammer
80%
Granny 1 & 2 Cutting Pliers
78%
Granny 1 & 2 Meat
78%
All Games Padlock Key
78%
Granny Book
71%
Granny Master Key
71%
Granny Car Key
69%
Granny Playhouse Key
69%
Granny 1 & 3 Teddy
69%
Granny 1 & 2 Spark Plug
67%
Granny Spider Key
67%
Granny Crossbow
64%
All Games Weapon Key
62%
Granny: Chapter 2 Boat Key
60%
Granny: Chapter 2 Helicopter Key
60%
Granny Pepper Spray
60%
Granny 1 & 2 Special Key
60%
Granny 2 & 3 Crowbar
58%
Granny Orange Cogwheel
58%
Granny Red Cogwheel
58%
Granny Melon
56%
All Games Safe Key
56%
Granny Screwdriver
56%
Granny 1 & 2 Wrench
56%
Granny Blue Vase
53%
Granny Engine Part
53%
Granny Grey Vase
53%
All Games Plank
53%
Granny: Chapter 2 Vase
51%
Granny Birdseed
49%
Granny Car Battery
49%
Granny 1 & 2 Painting Piece
47%
Granny Battery
44%
Granny Chain Cutter
44%
All Games (PC) Flashlight
44%
Granny Rusty Padlock Key
44%
All Games Shotgun Ammo
44%
Granny 3 Slingshot
44%
Granny: Chapter 2 Stun Gun
44%
Granny 3 Coin
42%
Granny Freeze Trap
42%
Granny 1 & 2 Gasoline Can
42%
Granny: Chapter 2 Helicopter Manual
40%
Granny 3 Train Key
40%
Granny Wooden Stick
40%
Granny: Chapter 2 Boat Steering Wheel
38%
Granny: Chapter 2 Door Lock
38%
Granny: Chapter 2 Glass Fuse
38%
Granny Padlock Code
38%
Granny Remote Control
38%
Granny Tranquilizer Dart
36%
Granny Wheel Crank
36%
Granny Winch Handle
36%
Granny 3 Coconut
33%
Granny: Chapter 2 Door Handle
33%
Granny: Chapter 2 Duct Tape
33%
Granny 3 Fuse
33%
Granny: Chapter 2 Security Key
33%
Granny 3 Matches
31%
Granny 3 Accelerator
29%
Granny: Chapter 2 Hand Wheel
29%
Granny 3 Shed Key
29%
Granny 3 Ticket
27%
Granny 3 Generator Cable
24%
Granny Shotgun Part
24%
Granny 3 Bridge Crank
22%
Granny 3 Firewood
22%
Granny Note
22%
Granny: Chapter 2 Stun Gun Ammo
20%
Granny: Chapter 2 Hand Grenade
18%
Granny 3 Lockpick
18%
Granny 3 Door Activator
16%
Granny 3 Stones
16%
Granny 3 Electric Switch
13%
Granny 3 Grandpa’s Vase
13%
Granny 3 Granny’s Vase
9%
No matching quizzes found
Score Distribution
Percent of People with Each Score
Percentile by Number Answered
Your Score History
You have not taken this quiz